00437nmm a22001337a 450000500170000000800410001704100130005804400070007111000440007824500880012226000240021030000470023450000220028120140321092434.0131202b2008 ck ||||| |||| 00| 0 spa d aspaaeng ack aOrganización Marítima Internacional aI Seminario nacional de aguas de lastrebProyecto asociaciones globallast 2008-2012 aBogotábOMIc2008 a229 p.,bil., gráficas, cuadros, c13 cm aCD Información